The world of physics

Đã lưu trong:
書目詳細資料
主要作者: Avison, John
格式: 圖書
語言:Undetermined
出版: London Nelson 1989
主題:
標簽: 添加標簽
沒有標簽, 成為第一個標記此記錄!
Thư viện lưu trữ: Trung tâm Học liệu Trường Đại học Cần Thơ
LEADER 00461nam a2200193Ia 4500
001 CTU_42292
008 210402s9999 xx 000 0 und d
020 |c 317000 
082 |a 530 
082 |b A959 
100 |a Avison, John 
245 4 |a The world of physics 
245 0 |c John Avison 
260 |a London 
260 |b Nelson 
260 |c 1989 
650 |a Physics 
904 |i Minh, Hải 
980 |a Trung tâm Học liệu Trường Đại học Cần Thơ